'G' Books by Cover Quiz Stats

 Plays Quiz Updated Jul 7, 2016

Also try: 'F' Books by Cover
Challenge
Share
Tweet
Score 0/15 Timer 05:00
1 Play Today
% Correct
The Great Gatsby
93.3%
Green Eggs and Ham
93%
Gulliver's Travels
86.2%
The Godfather
85.5%
The Grapes of Wrath
84.1%
Great Expectations
80.6%
The Girl with the Dragon Tattoo
74.8%
The Giving Tree
70.8%
% Correct
The Girl with a Pearl Earring
68.2%
Gone with the Wind
63.8%
A Game of Thrones
60.8%
The Giver
59.7%
The Golden Compass
58.2%
The Green Mile
41.7%
Gravity's Rainbow
19.3%

You're not logged in!

Compare scores with friends on all Sporcle quizzes.
OR
Log In

You Might Also Like...

Show Comments

Extras

Top Quizzes Today


Score Distribution

Your Account Isn't Verified!

In order to create a playlist on Sporcle, you need to verify the email address you used during registration. Go to your Sporcle Settings to finish the process.

Report this User

Report this user for behavior that violates our Community Guidelines.

Details: